|
|
|
|
| LEADER |
00000nam0a2200000 4500 |
| 001 |
14547 |
| 005 |
20231101204946.0 |
| 010 |
|
|
|a 5724509555
|
| 035 |
|
|
|a (RuTPU)RU\TPU\book\14642
|
| 090 |
|
|
|a 14547
|
| 100 |
|
|
|a 20011209d1999 m y0rusy50 ca
|
| 101 |
0 |
|
|a rus
|
| 102 |
|
|
|a RU
|
| 105 |
|
|
|a a j 000zy
|
| 200 |
1 |
|
|a Техника лабораторного эксперимента в химии
|e учебное пособие
|f Б. Д. Степин
|
| 210 |
|
|
|a Москва
|c Химия
|d 1999
|
| 215 |
|
|
|a 600 с.
|c ил.
|
| 225 |
1 |
|
|a Для высшей школы
|
| 606 |
1 |
|
|a Химический эксперимент
|2 stltpush
|3 (RuTPU)RU\TPU\subj\72794
|9 86188
|
| 610 |
1 |
|
|a химия
|
| 610 |
1 |
|
|a эксперименты
|
| 610 |
1 |
|
|a техника
|
| 610 |
1 |
|
|a лабораторное оборудование
|
| 610 |
1 |
|
|a химическая посуда
|
| 610 |
1 |
|
|a весы
|
| 610 |
1 |
|
|a взвешивание
|
| 610 |
1 |
|
|a измерения
|
| 610 |
1 |
|
|a учебные пособия
|
| 675 |
|
|
|a 542(075.8)
|v 3
|
| 700 |
|
1 |
|a Степин
|b Б. Д.
|g Борис Дмитриевич
|
| 801 |
|
0 |
|a RU
|b 63413507
|c 20011209
|g PSBO
|
| 801 |
|
2 |
|a RU
|b 63413507
|c 20140528
|g PSBO
|
| 942 |
|
|
|c BK
|